প্রশাসনের বিভিন্ন পদ্ধতি / (Record no. 60191)
[ view plain ]
| 000 -LEADER | |
|---|---|
| fixed length control field | 00980nam a2200229 a 4500 |
| 001 - CONTROL NUMBER | |
| control field | 60191 |
| 003 - CONTROL NUMBER IDENTIFIER | |
| rucl marc code | BD-RjUL |
| 005 - DATE AND TIME OF LATEST TRANSACTION | |
| control field | 20211209080819.0 |
| 008 - FIXED-LENGTH DATA ELEMENTS--GENERAL INFORMATION | |
| fixed length control field | 161229s1970 bg ||||| |||| 00| 0 ben d |
| 035 ## - SYSTEM CONTROL NUMBER | |
| System control number | (BD-RjUL)60315 |
| 040 ## - CATALOGING SOURCE | |
| Original cataloging agency | BD-RjUL |
| Language of cataloging | eng |
| Transcribing agency | BD-RjUL |
| 041 ## - LANGUAGE CODE | |
| Language code of text/sound track or separate title | eng |
| 082 ## - DEWEY DECIMAL CLASSIFICATION NUMBER | |
| Edition number | 23 |
| Classification number | 351 |
| Author mark and year | WAP 1970 |
| 100 ## - MAIN ENTRY--PERSONAL NAME | |
| Personal name | ওয়ালডু, ডুইট |
| 9 (RLIN) | 171024 |
| 245 10 - TITLE STATEMENT | |
| Title | প্রশাসনের বিভিন্ন পদ্ধতি / |
| Statement of responsibility, etc. | ডুইট ওয়ালডু ; অনুবাদক : যাহিদ হোসেন |
| 260 ## - PUBLICATION, DISTRIBUTION, ETC. (IMPRINT) | |
| Place of publication, distribution, etc. | ঢাকা : |
| Name of publisher, distributor, etc. | ন্যাশনাল ইনষ্টিটিউট ওব পাবলিক এডমিনিষ্ট্রেশন, |
| Date of publication, distribution, etc. | ১৯৭০ |
| 300 ## - PHYSICAL DESCRIPTION | |
| Pagination | [১০], ৭০ পৃ. ; |
| Size | ২৩ সেমি. |
| 650 ## - SUBJECT ADDED ENTRY--TOPICAL TERM | |
| Topical term or geographic name as entry element | জনপ্রশাসন |
| 9 (RLIN) | 173188 |
| Topical term or geographic name as entry element | Public administration |
| 9 (RLIN) | 174881 |
| 700 ## - ADDED ENTRY--PERSONAL NAME | |
| Personal name | হোসেন, যাহিদ, অনুবাদক |
| 942 ## - ADDED ENTRY ELEMENTS (KOHA) | |
| Source of classification or shelving scheme | Dewey Decimal Classification |
| Koha item type | Books |
| Lost status | Source of classification or shelving scheme | Damaged status | Not for loan | Collection code | Permanent Location | Current Location | Shelving location | Date acquired | Source of acquisition | Cost, normal purchase price | Total Checkouts | Full call number | Date last seen | Copy number | Koha item type |
|---|---|---|---|---|---|---|---|---|---|---|---|---|---|---|---|
| Dewey Decimal Classification | Not For Loan | Non-fiction | Central Library, University of Rajshahi | Central Library, University of Rajshahi | Reading Room | 18/07/1973 | Mahiuddin and sons, Rajshahi | 2.50 | B 351 WAP 1970 | 29/12/2016 | C-1 | Books |